000 02859nam a22001937a 4500
003 NALT
005 20260114153931.0
008 250925b th ||||| |||| 00| 0 tha d
040 _aNALT
245 0 0 _aอาชีพใหม่ในทศวรรษ 2030 =
_bNew careers in the 2030s /
_c39 Publishing.
_h[electronic resource]
260 _aกรุงเทพฯ :
_b39 Publishing,
_cม.ป.ป.
300 _aOnline resource
505 2 _aโลกเปลี่ยน งานเปลี่ยน เราก็ต้องเปลี่ยน -- อาชีพใหม่มาแรงในยุค AI และเทคโนโลยี -- อาชีพสายกรีน สายจิตใจ และสายชุมชน -- อาชีพสายสร้างคอนเทนต์แบบเจาะกลุ่ม -- ทักษะที่จำเป็นในโลกใหม่ -- เริ่มต้นอย่างไร ไม่ให้กลัวอนาคต -- สรุปส่งท้าย.
520 _aโลกกำลังเปลี่ยน และงานที่เรารู้จักก็เปลี่ยนตาม
อีบุ๊คเล่มนี้จะพาไปรู้จักกับ “อาชีพใหม่ในทศวรรษ 2030” ที่เกิดขึ้นจากการรวมพลังของเทคโนโลยี ความคิดสร้างสรรค์ และวิถีชีวิตแบบใหม่ ไม่ว่าจะเป็นสาย AI, งานโลกเสมือน, อาชีพสายกรีน หรือสายสร้างคอนเทนต์ที่ขยายขอบเขตออกไปไกลกว่าที่เคย ไม่ใช่แค่รู้ว่า “มีอะไรมาใหม่” แต่เล่มนี้จะช่วยเปิดแผนที่ให้เห็นว่าเราสามารถ “เริ่มต้นก้าวแรก” ในแบบของตัวเองได้อย่างไรบ้าง
พร้อมเทคนิคเลือกอาชีพที่ใช่ ผ่านความถนัดและไลฟ์สไตล์ของแต่ละคน เพราะอาชีพแห่งอนาคต… ไม่ได้รอให้ใครพร้อม แต่พร้อมเสมอสำหรับคนที่กล้าลอง.
650 4 _aอาชีพ
_xปัญญาประดิษฐ์
_967274
856 4 0 _uhttps://ebook.parliament.go.th/ebookall/detail/438332
_zE-Book
942 _cEBK
_2lcc
996 _ajamriang.p
_bCATSTF
_c2026-01-14
999 _c107308
_d107308
998 _j1020
_k นางจำเรียง ระวังสำโรง